Mulatez y mulatidad

Na minha lista:
Detalhes bibliográficos
Autor principal: Ramírez, Sergio
Formato: Desconhecido
Publicado em: Roma, Italia: Universita Cattolica del Sacro Cuore,
Tags: Adicionar Tag
Sem tags, seja o primeiro a adicionar uma tag!

MARC

LEADER 000000000a22000000004500
001 001712
022 |a 20351496 
041 0 |a Español 
092 0 |a Centroamericana 
100 1 |a Ramírez, Sergio 
245 1 0 |a Mulatez y mulatidad 
260 |a Roma, Italia:   |b Universita Cattolica del Sacro Cuore, 
310 |a anual 
773 0 |t Centroamericana 
773 0 |g número 15 (2009) 
773 0 |g 1990- 
773 0 |g 39-51 páginas 
999 |c 2003  |d 2003